Catálogo Esat 73 (Record no. 43594)

MARC details
000 -LEADER
campo de control de longitud fija 00659nam a2200169 i 4500
001 - NÚMERO DE CONTROL
campo de control 43594
003 - IDENTIFICADOR DE NÚMERO DE CONTROL
campo de control ES-MaACL
005 - FECHA Y HORA DE LA ÚLTIMA TRANSACCIÓN
campo de control 20230906160834.0
007 - CAMPO FIJO DE DESCRIPCIÓN FÍSICA--INFORMACIÓN GENERAL
campo de control de longitud fija t|
008 - DATOS DE LONGITUD FIJA--INFORMACIÓN GENERAL
campo de control de longitud fija 030318s1973 sp a |||| | spa d
245 00 - MENCIÓN DEL TÍTULO
Título Catálogo Esat 73
Resto del título : exposición de equipos para diseño y control de procesos industriales, automatización de la gestión administrativa.
260 ## - PUBLICACIÓN, DISTRIBUCIÓN, ETC.
Lugar de publicación, distribución, etc. [Sevilla :
Nombre del editor, distribuidor, etc. Escuela Técnica Superior de Ingenieros Industriales :
-- Ed. Católica],
Fecha de publicación, distribución, etc. 1973.
300 ## - DESCRIPCIÓN FÍSICA
Extensión 105 p. :
Otras características físicas il. ;
Dimensiones 24 cm.
650 #4 - PUNTO DE ACCESO ADICIONAL DE MATERIA--TÉRMINO DE MATERIA
Término de materia o nombre geográfico como elemento de entrada Procesos de fabricación.
9 (RLIN) 169745
710 2# - ENTRADA AGREGADA--NOMBRE DE ENTIDAD CORPORATIVA
Nombre de entidad corporativa o nombre de jurisdicción como elemento de entrada Escuela Técnica Superior de Ingenieros Industriales.
9 (RLIN) 3612
852 ## - LOCALIZACIÓN
Ubicación ES-MaACL
Número de control de estantería C-52792
Holdings
Estatus retirado Estado de pérdida Estado de daño No para préstamo Biblioteca de origen Biblioteca actual Ubicación en estantería Fecha de adquisición Fuente de adquisición Total de préstamos Signatura topográfica completa Código de barras Visto por última vez Precio de reemplazo Tipo de ítem Koha
        Biblioteca del Ateneo de Madrid Biblioteca del Ateneo de Madrid Depósito 2 17/01/2008     C-52792 1045890 23/02/2023 23/02/2023 Libro impreso